Lý Triết học Phương Đông

Na minha lista:
Detalhes bibliográficos
Autor principal: Trương Lập Văn
Outros Autores: Từ Tôn Minh... (Tác giả), Tạ Phú Chinh.. (dịch)
Formato: Livro
Idioma:Vietnamese
Publicado em: H. Khoa học xã hội 1998
coleção:Tủ sách tinh hoa về các phạm trù triết học Trung Quốc
Assuntos:
Tags: Adicionar Tag
Sem tags, seja o primeiro a adicionar uma tag!
Thư viện lưu trữ: Mạng thư viện Đại học Đà Nẵng
LEADER 01298nam a2200361 4500
001 000006091
003 2245
005 20110831100808.0
008 110831s1998 viesd
020 |c 65000đ 
041 0 |a vie 
082 |a 181  |b TR-V 
100 0 |a Trương Lập Văn 
245 0 |a Lý  |b Triết học Phương Đông  |c Trương Lập Văn (ch.biên) ; tác giả Từ Tôn Minh...; dịch Tạ Phú Chinh, Nguyễn Văn Đức 
260 |a H.  |b Khoa học xã hội  |c 1998 
300 |a 725 tr  |c 20 cm 
490 |a Tủ sách tinh hoa về các phạm trù triết học Trung Quốc 
653 |a Triết học Trung Quốc 
653 |a Triết học Phương Đông 
653 |a Lý 
700 |a Từ Tôn Minh...  |e Tác giả 
700 |a Tạ Phú Chinh..  |e dịch 
910 |a Nguyễn Thị Kim Oanh  |d 31/08/2011 
OWN |a LSP 
AVA |a UDN50  |b LSP  |d 181 TR-V  |e available  |t Error 5001 Not defined in file expand_doc_bib_avail.  |f 3  |g 0  |h N  |i 0  |k 1 
999 |a From the UDN01 
AVA |a UDN50  |b LSP  |d 181 TR-V  |e available  |t Error 5001 Not defined in file expand_doc_bib_avail.  |f 3  |g 0  |h N  |i 0  |k 1 
TYP |a Monograph 
TYP |a Printed language 
980 |a Mạng thư viện Đại học Đà Nẵng